| 000 | 00819nam a22002057a 4500 | ||
|---|---|---|---|
| 003 | BUBTL | ||
| 008 | 230323b ||||| |||| 00| 0 eng d | ||
| 020 | _a9789849744290 | ||
| 082 | _a954.925/ M3161b/ 2023 | ||
| 100 |
_95257 _aমান্নান, আবদুল |
||
| 245 |
_aবঙ্গবন্ধু বাংলাদেশ / _cআবদুল মান্নান |
||
| 250 | _a1st Edn | ||
| 260 |
_aবাংলাদেশ: _bঅন্যপ্রকাশ, _cc2023 |
||
| 300 |
_a254 p.: _c22 cm. |
||
| 505 | _aবঙ্গবন্ধু, বাংলাদেশ, আবদুল মান্নান, বঙ্গবন্ধু বাংলাদেশ | ||
| 650 | 0 |
_93573 _aবঙ্গবন্ধু |
|
| 856 |
_k0 _l0 _yDownload |
||
| 942 |
_2ddc _cBK |
||
| 999 |
_c6999 _d6999 |
||